Kraje o najkrótszych liniach brzegowych - Statystyki

Ogólne statystyki
  • Ten quiz został rozwiązany 199 razy
    164 od ostatniego zresetowania
  • Średni wynik to 14 z 27
Statystyki odpowiedzi
km Granice Państwo % Poprawnych
20 Morze Adriatyckie Bośnia i Hercegowina
86%
4 Morze Śródziemne Monako
86%
90 Morze Bałtyckie Litwa
66%
161 Zatoka Perska Bahrajn
65%
252 Morze Śródziemne Malta
65%
47 Morze Adriatyckie Słowenia
65%
194 Morze Południowochińskie Singapur
56%
30 Ocean Spokojny Nauru
55%
135 Morze Karaibskie Saint Kitts i Nevis
53%
158 Morze Karaibskie Saint Lucia
51%
67 Morze Północne Belgia
48%
80 Ocean Atlantycki Gambia
48%
161 Morze Południowochińskie Brunei
47%
84 Morze Karaibskie Saint Vincent i Grenadyny
47%
56 Zatoka Gwinejska Togo
47%
97 Ocean Atlantycki Barbados
46%
148 Morze Karaibskie Dominika
46%
121 Morze Karaibskie Grenada
46%
153 Morze Karaibskie Antigua i Barbuda
45%
24 Ocean Spokojny Tuvalu
45%
121 Zatoka Gwinejska Benin
42%
37 Ocean Atlantycki Demokratyczna Republika Konga
42%
58 Zatoka Perska Irak
39%
193 Morze Śródziemne Syria
35%
26 Zatoka Akaba Jordania
32%
177 Ocean Indyjdki Mauritius
32%
169 Ocean Atlantycki Kongo
27%
Nie znaleziono quizów pasujących do podanych kryteriów
Rozkład punktacji
Procent ludzi z każdym wynikiem
Percentyl według liczby udzielonych odpowiedzi
Twoja historia wyników
Nie rozwiązałeś tego quizu od ostatniego zresetowania